STUDENT SPORT CLUBS AS THE BEGINNING OF TRAINING PROCESS

Bibliographic Details
Main Authors: Jurczak, Adam (Author), Görner, Karol, 1959- (Author), Paluszek, Krrzysztof (Author), Ozimek, Mariusz (Author)
Format: Article
Language:English

MARC

LEADER 00000nab a2200000ua 4500
001 vtls010853255
003 SK-MaSNL
005 20260304012014.0
008 230121s2012 xo |||||||||||||||||eng|
035 |a (urnnbn)urn:nbn:sk:snk:ar-a07ewx 
035 |a urn:nbn:sk:snk-ab6d2p 
035 |a (uuid)35341d96-799c-4a4a-a249-dba7d139bfe6 
040 |a SNKBUCL  |b slo  |c SNKBUCL  |e AACR2 
041 0 |a eng 
044 |a xo  |c SK 
100 1 |a Jurczak, Adam  |4 aut  |9 789195 
245 1 0 |a STUDENT SPORT CLUBS AS THE BEGINNING OF TRAINING PROCESS  |c Adam Jurczak, Karol Görner, Krrzysztof Paluszek, Mariusz Ozimek 
700 1 |a Görner, Karol,  |d 1959-  |4 aut  |9 249109 
700 1 |a Paluszek, Krrzysztof  |4 aut  |9 1291341 
700 1 |a Ozimek, Mariusz  |4 aut  |9 783353 
773 0 |t Exercitatio corpolis - motus - salus : slovak journal of sports sciences  |g Roč. 4, č. 2 (2012), s. 132-138 
954 |a odborná, vedecká literatúra cudzojazyčná (svetová)  |2 lita 
954 |a odborná, vedecká literatúra pôvodná (slovenská)  |2 lita 
958 |a OND 
958 |a EUIPO 
958 |a article5 
999 |c 2569133  |d 2571063